000 00546nam a2200157 4500
001 2648
090 _a2648
100 _a20190723b u||y0fre||u0ba y50
101 _aeng
200 _aThe Second Wave
_bPériodique
_ea magazine of the new feminism
_fFemale Liberation, Inc.
210 _aEtats-Unis
_bThe Second Wave, Box 303 Kenmore Square Station, Boston, Mass. 02215
_cFemale Liberation, Inc.
606 _aFéminisme
_9429
607 _91006
_aEtats-Unis d'Amérique
710 _96667
_aFemale Liberation, Inc.
801 _aCH
_bCH-002049-8
955 _r1972: vol.2, n°1